Mosquito / (Record no. 328537)

000 -LEADER
fixed length control field 00855cam a22002775a 4500
001 - CONTROL NUMBER
control field 14918654
003 - CONTROL NUMBER IDENTIFIER
control field Nust
005 - DATE AND TIME OF LATEST TRANSACTION
control field 20170411131018.0
008 - FIXED-LENGTH DATA ELEMENTS--GENERAL INFORMATION
fixed length control field 070627s2007 ii 000 1 eng
010 ## - LIBRARY OF CONGRESS CONTROL NUMBER
LC control number 2007389671
020 ## - INTERNATIONAL STANDARD BOOK NUMBER
International Standard Book Number 9780007262519
020 ## - INTERNATIONAL STANDARD BOOK NUMBER
International Standard Book Number 0007262515
025 ## - OVERSEAS ACQUISITION NUMBER
Overseas acquisition number I-E-2007-389671; 26
037 ## - SOURCE OF ACQUISITION
Source of stock number/acquisition Library of Congress -- New Delhi Overseas Office
Terms of availability Rs295.00
040 ## - CATALOGING SOURCE
Original cataloging agency DLC
Transcribing agency DLC
042 ## - AUTHENTICATION CODE
Authentication code lcode
050 00 - LIBRARY OF CONGRESS CALL NUMBER
Classification number PR6120.E27
Item number M67 2007
082 ## - DEWEY DECIMAL CLASSIFICATION NUMBER
Classification number 823
Author Mark TEA
100 1# - MAIN ENTRY--PERSONAL NAME
Personal name Tearne, Roma.
245 10 - TITLE STATEMENT
Title Mosquito /
Statement of responsibility, etc. Roma Tearne.
260 ## - PUBLICATION, DISTRIBUTION, ETC.
Place of publication, distribution, etc. New Delhi ;
-- New York, NY :
Name of publisher, distributor, etc. Harper Collins Publishers India,
Date of publication, distribution, etc. 2007.
300 ## - PHYSICAL DESCRIPTION
Extent 296 p. ;
Dimensions 21 cm.
500 ## - GENERAL NOTE
General note Novel.
906 ## - LOCAL DATA ELEMENT F, LDF (RLIN)
a 7
b ibc
c origode
d 3
e ncip
f 20
g y-gencatlg
942 ## - ADDED ENTRY ELEMENTS (KOHA)
Source of classification or shelving scheme
Koha item type Book
Holdings
Withdrawn status Lost status Source of classification or shelving scheme Damaged status Not for loan Permanent Location Current Location Shelving location Date acquired Total Checkouts Full call number Barcode Date last seen Copy number Price effective from Koha item type
          Central Library (CL) Central Library (CL) Fiction 04/11/2017   823.92 TEA CL1039 04/11/2017 1 04/11/2017 Book
© 2023 Central Library, National University of Sciences and Technology. All Rights Reserved.